|
|
|
|
| LEADER |
01432nam a2200385 i 4500 |
| 001 |
EBC320303 |
| 003 |
MiAaPQ |
| 005 |
20200520144314.0 |
| 006 |
m o d | |
| 007 |
cr cnu|||||||| |
| 008 |
150814s2009 enk o 000 0 eng|d |
| 020 |
|
|
|z 9780747577386
|
| 020 |
|
|
|a 9781408102558
|q (electronic bk.)
|
| 035 |
|
|
|a (MiAaPQ)EBC320303
|
| 035 |
|
|
|a (Au-PeEL)EBL320303
|
| 035 |
|
|
|a (CaPaEBR)ebr11089446
|
| 035 |
|
|
|a (CaONFJC)MIL36831
|
| 035 |
|
|
|a (OCoLC)191703812
|
| 040 |
|
|
|a MiAaPQ
|b eng
|e rda
|e pn
|c MiAaPQ
|d MiAaPQ
|
| 050 |
|
4 |
|a HD4904.25
|b .B35 2009
|
| 245 |
0 |
0 |
|a Balance your life and work :
|b how to get the best from your job and still have a life.
|
| 250 |
|
|
|a Revised edition.
|
| 264 |
|
1 |
|a London :
|b A&C Black,
|c 2009.
|
| 300 |
|
|
|a 1 online resource (97 pages)
|
| 336 |
|
|
|a text
|2 rdacontent
|
| 337 |
|
|
|a computer
|2 rdamedia
|
| 338 |
|
|
|a online resource
|2 rdacarrier
|
| 490 |
1 |
|
|a Steps to success
|
| 588 |
|
|
|a Description based on online resource; title from PDF title page (ebrary, viewed August 14, 2015).
|
| 590 |
|
|
|a Electronic reproduction. Ann Arbor, MI : ProQuest, 2016. Available via World Wide Web. Access may be limited to ProQuest affiliated libraries.
|
| 650 |
|
0 |
|a Work-life balance.
|
| 655 |
|
4 |
|a Electronic books.
|
| 797 |
2 |
|
|a ProQuest (Firm)
|
| 830 |
|
0 |
|a Steps to success.
|
| 856 |
4 |
0 |
|u https://ebookcentral.proquest.com/lib/matrademy/detail.action?docID=320303
|z Click to View
|